Statistics for Heartlines Lyrics (Florence + the Machine)

Click here to take the quiz!

General Stats

  • This quiz has been taken 70 times
  • The average score is 250 of 274

Answer Stats

Answer% Correct
a
100%
heart
100%
heartlines
100%
I
100%
it
100%
it's
100%
just
100%
on
100%
the
100%
you
100%
your
100%
and
97%
be
97%
can
97%
follow
97%
following
97%
hand
97%
have
97%
in
97%
keep
97%
know
97%
to
97%
that
95%
but
92%
is
92%
me
92%
up
92%
free
89%
of
89%
Oh
89%
oh
89%
river
89%
running
89%
we
89%
call
87%
this
87%
through
87%
before
84%
can't
84%
easy
84%
home
84%
I've
84%
only
84%
place
84%
some
84%
animals
82%
breathe
82%
cause
82%
cut
82%
drown
82%
get
82%
I'm
82%
over
82%
seen
82%
echoes
79%
joy
79%
order
79%
there
79%
tumbling
79%
what
79%
with
79%
am
76%
do
76%
fantasy
76%
it'll
76%
long
76%
stone
76%
thing
76%
way
76%
afternoon
74%
blood
74%
fallacy
74%
land
74%
sea
74%
still
74%
think
74%
against
71%
birds
71%
choose
71%
crawling
71%
creeping
71%
flights
71%
overgrown
71%
sometimes
71%
that's
71%
wall
71%
Wednesday
71%
brings
68%
city
68%
entrails
68%
like
68%
returned
68%
sand
63%
you'll
58%
will
45%
carry
37%

Score Distribution

Percentile by Number Answered

Percent of People with Each Score

Your Score History

You have not taken this quiz